Rutas de la guadua. (Registro nro. 16612)

Detalles MARC
000 -CABECERA
Campo de control 005470000a22002050004500
005 - FECHA Y HORA DE LA ULTIMA TRANSACCION
Campo de control 20170207112730.0
008 - ELEMENTOS DE LONGITUD FIJA—INFORMACION GENERAL
Campo de control 170207b xxu||||| |||| 00| 0 spa d
040 ## - FUENTE DE CATALOGACIÓN
Agencia catalogadora original CO-BoIAVH
Agencia transcriptora CO-BoIAVH
041 ## - IDIOMA
Código de idioma para texto/pista de sonido o título separado Español
090 ## - CLASIFICACIÓN LOCAL
Colección MM
Consecutivo 00229
100 1# - ASIENTO PRINCIPAL--NOMBRE PERSONAL
Nombre personal Aristizábal, Virginia
245 10 - MENCION DE TITULO
Título Rutas de la guadua.
Mención de responsabilidad autora
257 ## - PAIS DE LA ENTIDAD PRODUCTORA DE FILMES DE ARCHIVO
País de la entidad productora colombia
264 ## - Producción, Publicación, Distribución, Fabricación y Aviso de copyright
Lugar de producción, publicación, etc Pereira:
Fecha de la producción, publicación, etc. 2002
300 ## - DESCRIPCION FISICA
Extensión CD-ROM
Otros detalles físicos 1
650 ## - ASIENTO SECUNDARIO DE MATERIA - TERMINO TEMATICO
Término temático o nombre geográfico como elemento de entrada Guadua
651 ## - ASIENTO SECUNDARIO DE MATERIA - NOMBRE GEOGRAFICO
Nombre geográfico Colombia
Subdivisión general Eje Cafetero
700 1# - ASIENTO SECUNDARIO - NOMBRE PERSONAL
Nombre personal Londoño, Luz Marina
Término de relación autora
942 ## - ELEMENTOS ADICIONALES (KOHA)
Tipo de ítem CD-ROM
Sistema de clasificación Local
Existencias
Withdrawn status Lost status Sistema de Clasificación Damaged status No para préstamo Colección Ubicación Permanente Ubicación actual Fecha de adquisición Fuente de adquisición Total Checkouts Número topográfico Inventario / Código de Barras Date last seen Ejemplar Price effective from Tipo de material
    Local     Audiovisual Bogotá Bogotá 07/02/2017 GTZ   MM-00229 018880 25/03/2015 Ej. 1 25/03/2015 CD-ROM